[Event "AUTO-OPEN-645"]
[Site "http://www.queenalice.com/game.php?id=205689"]
[Date "2007.5.3"]
[Round "1"]
[White "esserivi"]
[Black "fernandosoares"]
[Result "1-0"]
[WhiteElo "1940"]
[BlackElo "1188"]

1. d4 e6 2. c4 Bb4+ 3. Bd2 a5 4. Nf3 d5 5. e3 dxc4 6. Bxc4 c6 7. O-O b5 8. Bd3
Bd7 9. Nc3 e5 10. Nxe5 a4 11. Qf3 Na6 12. Qxf7# 1-0

[Event "AUTO-OPEN-645"]
[Site "http://www.queenalice.com/game.php?id=205690"]
[Date "2007.5.3"]
[Round "1"]
[White "fernandosoares"]
[Black "esserivi"]
[Result "0-1"]
[WhiteElo "1171"]
[BlackElo "1942"]

1. g4 d5 2. Bg2 Bxg4 3. h3 Bh5 4. d3 e5 5. e4 Bxd1 6. Kxd1 Nf6 7. exd5 Nxd5 8.
Nf3 Nc6 9. d4 Be7 10. c3 O-O 11. Nbd2 e4 12. Ne1 e3 13. fxe3 Nxe3+ 14. Ke2 Nxg2
15. Nef3 Re8 16. Rg1 Bh4+ 17. Kf1 Qe7 18. Rxg2 Qe1+ 19. Nxe1 Rxe1# 0-1

[Event "AUTO-OPEN-693"]
[Site "http://www.queenalice.com/game.php?id=222970"]
[Date "2007.6.10"]
[Round "1"]
[White "esserivi"]
[Black "DSRelva"]
[Result "1/2-1/2"]
[WhiteElo "2015"]
[BlackElo "1813"]

1. d4 d5 2. c4 e6 3. Nc3 Nf6 4. e3 b6 5. Nf3 Bb4 6. a3 Bxc3+ 7. bxc3 Ba6 8. Qb3
Nc6 9. Qa4 Bb7 10. Ne5 Qd6 11. f4 Ne4 12. Bb2 O-O 13. Be2 Nxe5 14. fxe5 Qc6 15.
Qxc6 Bxc6 16. O-O Nd2 17. Rf2 Nxc4 18. Bc1 Bb5 19. a4 Bd7 20. Bd3 b5 21. Bxc4
bxc4 22. a5 Rfc8 23. Ba3 Rab8 24. Bb4 a6 25. Kf1 Rb7 26. Ke2 h6 27. Raf1 Be8 28.
e4 c6 29. Ke3 Kh7 30. g4 g6 31. h4 Kg7 32. h5 g5 33. Rf6 Rb5 1/2-1/2

[Event "AUTO-OPEN-693"]
[Site "http://www.queenalice.com/game.php?id=222971"]
[Date "2007.6.10"]
[Round "1"]
[White "DSRelva"]
[Black "esserivi"]
[Result "0-1"]
[WhiteElo "1828"]
[BlackElo "2014"]

1. e4 c6 2. d4 d5 3. exd5 cxd5 4. Nc3 Nf6 5. Bb5+ Bd7 6. Qf3 Bxb5 7. Nxb5 Qa5+
8. Nc3 Nc6 9. Ne2 e6 10. Bd2 Bb4 11. O-O O-O 12. a3 Be7 13. b4 Qb6 14. Be3 Bd6
15. b5 Na5 16. Bg5 Be7 17. Rfd1 Rac8 18. a4 Rfe8 19. Rd3 Nc4 20. Ra2 Qa5 21.
Bxf6 Bxf6 22. Nc1 Nb6 23. Nb3 Qb4 24. Ne2 Qe1# 0-1

[Event "AUTO-OPEN-693"]
[Site "http://www.queenalice.com/game.php?id=222972"]
[Date "2007.6.10"]
[Round "1"]
[White "esserivi"]
[Black "segat"]
[Result "1-0"]
[WhiteElo "2012"]
[BlackElo "1415"]

1. d4 e6 2. c4 Bb4+ 3. Nc3 c6 4. Nf3 Qa5 5. Bd2 h5 6. e3 f5 7. Bd3 Bxc3 8. Bxc3
Qc7 9. O-O h4 10. Ne5 g5 11. e4 f4 12. Qg4 Nf6 13. Qxg5 Rf8 14. Qg6+ Kd8 15.
Nf7+ Rxf7 16. Qxf7 Qd6 17. Qxf6+ Kc7 18. c5 Qxc5 19. dxc5 b6 20. cxb6+ axb6 21.
Qxf4+ d6 22. Qxh4 b5 23. f4 d5 24. f5 exf5 25. exd5 cxd5 26. Be5+ Kb7 27. Bxb5
Ra5 28. a4 Ra7 29. Rac1 Nc6 30. Bxc6+ Kb6 31. Qb4+ Ka6 32. Qb5# 1-0

[Event "AUTO-OPEN-693"]
[Site "http://www.queenalice.com/game.php?id=222973"]
[Date "2007.6.10"]
[Round "1"]
[White "segat"]
[Black "esserivi"]
[Result "0-1"]
[WhiteElo "1337"]
[BlackElo "2030"]

1. d4 d5 2. e3 c6 3. c3 Nf6 4. f4 Bg4 5. Qd3 e6 6. h3 Bf5 7. Qd2 Ne4 8. Qc2 Ng3
9. Rh2 Bxc2 10. b4 Nxf1 11. Kxf1 Bxb1 12. Rxb1 Nd7 13. g4 Qb6 14. Nf3 Qb5+ 15.
Kg2 Qe2+ 16. Kg3 Qd1 17. g5 h5 18. Bd2 f6 19. Rxd1 fxg5 20. Nxg5 Ke7 21. Kg2 Nf6
22. Re1 a5 23. bxa5 Rxa5 24. c4 Rxa2 25. Re2 Kd7 26. Nf7 Rg8 27. Ne5+ Kc7 28.
Rh1 Ne4 29. Ba5+ Rxa5 30. Rb1 Nc3 31. Ree1 Nxb1 32. Rxb1 g5 33. Kf3 g4+ 34. hxg4
hxg4+ 35. Ke2 Bd6 36. Nf7 dxc4 37. Nh6 Rg6 38. Nf7 Rf5 39. Nh8 Rh6 40. Rg1 Rxh8
41. Rxg4 b5 42. Rg7+ Kb6 43. Rg6 Rh2+ 44. Kf3 Rh3+ 45. Kg4 Rxe3 46. Rg7 Rxf4+
47. Kg5 Rg3+ 48. Kh6 Rh4# 0-1

[Event "AUTO-OPEN-693"]
[Site "http://www.queenalice.com/game.php?id=222974"]
[Date "2007.6.10"]
[Round "1"]
[White "esserivi"]
[Black "Taura10"]
[Result "0-1"]
[WhiteElo "2007"]
[BlackElo "1824"]

1. d4 d5 2. c4 dxc4 3. Nf3 Nf6 4. Nc3 c6 5. a4 e6 6. e3 b5 7. axb5 cxb5 8. Nxb5
Bb4+ 9. Bd2 Bxd2+ 10. Qxd2 a5 11. Bxc4 O-O 12. O-O Ne4 13. Qc2 Bb7 14. Bd3 Nf6
15. Ne5 Nbd7 16. Nd6 Ba6 17. Bxa6 Rxa6 18. Ndc4 Qc7 19. Rfc1 Nxe5 20. b3 Neg4
21. g3 Nd5 22. Nxa5 Qxc2 23. Rxc2 Nb4 24. Rc3 g6 25. Ra4 Nd5 26. Rc5 Rb6 27. e4
Ndf6 28. h3 Nh6 29. g4 Nxe4 30. Rc2 Kg7 31. f3 Nd6 32. Kf2 Ng8 33. Ke3 Ne7 34.
Kd3 Nd5 35. Kd2 Ra8 36. Rca2 Nb5 37. Nc4 Rxa4 38. bxa4 Ra6 39. Kd3 Nb4+ 0-1

[Event "AUTO-OPEN-693"]
[Site "http://www.queenalice.com/game.php?id=222975"]
[Date "2007.6.10"]
[Round "1"]
[White "Taura10"]
[Black "esserivi"]
[Result "0-1"]
[WhiteElo "1634"]
[BlackElo "2010"]

1. d4 d5 2. c4 c6 3. Nf3 Nf6 4. Nc3 e6 5. g3 Nbd7 6. c5 b6 7. b4 a5 8. Ba3 axb4
9. Bxb4 bxc5 10. dxc5 Nxc5 11. Ne5 Qc7 12. Nf3 Nd3+ 13. Qxd3 Bxb4 14. Bg2 Ne4
15. O-O Bxc3 16. Rac1 Bf6 17. Qc2 Bd7 18. Nd2 Nxd2 19. Qxd2 O-O 20. e4 Qa5 21.
Qxa5 Rxa5 22. exd5 cxd5 23. Rc2 Bb5 24. Rfc1 Bc4 25. Bf1 Bxf1 26. Rc8 Bc4 0-1

[Event "AUTO-OPEN-364"]
[Site "http://www.queenalice.com/game.php?id=229013"]
[Date "2007.6.22"]
[Round "3"]
[White "esserivi"]
[Black "andreavb"]
[Result "1-0"]
[WhiteElo "2023"]
[BlackElo "1789"]

1. d4 d5 2. c4 e6 3. Nf3 Nf6 4. Bg5 Be7 5. e3 c6 6. Nc3 Nbd7 7. Bd3 dxc4 8. Bxc4
O-O 9. O-O Nd5 10. Bxe7 Qxe7 11. Rc1 Nxc3 12. Rxc3 e5 13. dxe5 Nxe5 14. Nxe5
Qxe5 15. Qb3 b5 16. Bd3 Be6 17. Qc2 Bd7 18. Bxh7+ Kh8 19. Rc5 Qf6 20. Rh5 Bg4
21. Bg8+ 1-0

[Event "AUTO-OPEN-364"]
[Site "http://www.queenalice.com/game.php?id=229014"]
[Date "2007.6.22"]
[Round "3"]
[White "andreavb"]
[Black "esserivi"]
[Result "0-1"]
[WhiteElo "1782"]
[BlackElo "2032"]

1. e4 c6 2. d4 d5 3. exd5 cxd5 4. c3 Nc6 5. Nf3 Nf6 6. Bd3 e6 7. Bg5 Qb6 8. Qc2
Bd6 9. Bxf6 gxf6 10. Nbd2 e5 11. dxe5 fxe5 12. O-O e4 13. Nxe4 dxe4 14. Bxe4 Bd7
15. Rad1 Qc7 16. Bxh7 O-O-O 17. Bf5 Bxh2+ 18. Kh1 Bd6+ 19. Kg1 Rh5 20. Nd4 Bh2+
0-1

[Event "Challenge"]
[Site "http://www.queenalice.com/game.php?id=237671"]
[Date "2007.7.10"]
[Round "-"]
[White "esserivi"]
[Black "Montealto"]
[Result "0-1"]
[WhiteElo "1845"]
[BlackElo "1696"]

1. d4 e6 2. c4 Nc6 3. Nc3 Qf6 4. Nf3 a6 5. e4 Bb4 6. Bg5 Qg6 7. e5 f6 8. Bd3 Qf7
9. exf6 Nxf6 10. Ne5 Nxe5 11. dxe5 Nh5 12. O-O O-O 13. Qc2 g6 14. Bh6 Ng7 15.
Ne4 Be7 16. c5 c6 17. f4 d5 18. Nd6 Bxd6 19. cxd6 d4 20. Qc4 Nf5 21. Bxf5 exf5
22. Qxd4 Rd8 23. Bg5 Re8 24. Rfe1 Qd5 25. Qb6 Kg7 26. Qc7+ Qf7 27. Be7 Be6 28.
Qxb7 c5 29. Rad1 Reb8 30. Bf6+ Kg8 31. Qxf7+ Kxf7 32. d7 Bxd7 33. Rxd7+ Kg8 34.
Rg7+ Kf8 35. Rxh7 Kg8 36. Rh8+ Kf7 37. Rxb8 Rxb8 38. b3 Ke6 39. Rd1 Rb4 40. Rd6+
Kf7 41. Rxa6 Rxf4 42. Rc6 Rd4 0-1

[Event "AUTO-INT-172"]
[Site "http://www.queenalice.com/game.php?id=258261"]
[Date "2007.8.20"]
[Round "2"]
[White "jcbraga"]
[Black "esserivi"]
[Result "1-0"]
[WhiteElo "1782"]
[BlackElo "1888"]

1. e4 c6 2. d4 d5 3. e5 Bf5 4. Bd3 Bxd3 5. Qxd3 e6 6. Nf3 Qa5+ 7. c3 c5 8. dxc5
Qxc5 9. O-O Ne7 10. Be3 Qc7 11. Bc5 Qxc5 12. b4 1-0

[Event "AUTO-INT-172"]
[Site "http://www.queenalice.com/game.php?id=258262"]
[Date "2007.8.20"]
[Round "2"]
[White "esserivi"]
[Black "jcbraga"]
[Result "0-1"]
[WhiteElo "1909"]
[BlackElo "1793"]

1. d4 d5 2. c4 dxc4 3. Nc3 c6 4. a4 a6 5. e4 Bd7 6. Bxc4 b5 7. axb5 cxb5 8.
Bxf7+ Kxf7 9. Qh5+ g6 10. Qd5+ e6 11. Qxa8 Bb4 12. Ne2 Bxc3+ 13. bxc3 Qc7 0-1

[Event "AUTO-INT-172"]
[Site "http://www.queenalice.com/game.php?id=258263"]
[Date "2007.8.20"]
[Round "2"]
[White "paulorobinsonben"]
[Black "esserivi"]
[Result "1-0"]
[WhiteElo "1958"]
[BlackElo "1868"]

1. Nf3 d5 2. d4 Nf6 3. Nc3 c6 4. g3 Bg4 5. Bg2 e6 6. Ne5 Bh5 7. f3 Nbd7 8. g4
Bg6 9. Nxg6 hxg6 10. e4 dxe4 11. fxe4 c5 12. e5 1-0

[Event "AUTO-INT-172"]
[Site "http://www.queenalice.com/game.php?id=258264"]
[Date "2007.8.20"]
[Round "2"]
[White "esserivi"]
[Black "paulorobinsonben"]
[Result "0-1"]
[WhiteElo "1856"]
[BlackElo "1970"]

1. d4 Nf6 2. c4 e6 3. Nc3 Bb4 4. Qc2 c5 5. dxc5 Na6 6. e3 Nxc5 7. Nf3 Nfe4 8.
Bd2 Nxd2 9. Nxd2 O-O 10. Be2 Qf6 0-1

[Event "AUTO-OPEN-645"]
[Site "http://www.queenalice.com/game.php?id=264716"]
[Date "2007.8.31"]
[Round "2"]
[White "Hapless"]
[Black "esserivi"]
[Result "1-0"]
[WhiteElo "1545"]
[BlackElo "1984"]

1. d4 d5 2. c4 c6 3. e3 Nf6 4. Nf3 e6 5. cxd5 exd5 6. Nc3 Bg4 7. Be2 Be7 8. h3
Bh5 9. Ng5 Bxe2 10. Qxe2 Nbd7 11. e4 dxe4 12. Ncxe4 O-O 13. Nxf6+ Nxf6 14. O-O
Re8 15. Rd1 Nd5 16. Nf3 1-0

[Event "AUTO-OPEN-645"]
[Site "http://www.queenalice.com/game.php?id=264717"]
[Date "2007.8.31"]
[Round "2"]
[White "esserivi"]
[Black "Hapless"]
[Result "0-1"]
[WhiteElo "1954"]
[BlackElo "1575"]

1. d4 d5 2. c4 e6 3. Nc3 c5 4. dxc5 Bxc5 5. cxd5 exd5 6. Qxd5 Qxd5 7. Nxd5 Na6
8. e4 Kf8 9. Bd3 Bb4+ 10. Bd2 Bxd2+ 11. Kxd2 Ne7 12. Nxe7 Kxe7 13. Rc1 Rd8 14.
Ke2 Nb4 15. Bc4 Be6 16. Bxe6 Kxe6 17. a3 Nc6 0-1

[Event "AUTO-OPEN-645"]
[Site "http://www.queenalice.com/game.php?id=264721"]
[Date "2007.8.31"]
[Round "2"]
[White "esserivi"]
[Black "Kzar"]
[Result "0-1"]
[WhiteElo "1924"]
[BlackElo "1940"]

1. d4 Nf6 2. c4 e6 3. Nc3 d5 4. Nf3 c6 5. Bg5 Be7 6. e3 Nbd7 7. Bd3 O-O 8. O-O
dxc4 9. Bxc4 Nd5 10. Bxe7 Qxe7 11. e4 Nxc3 12. bxc3 c5 13. Re1 b6 14. d5 exd5
15. exd5 Qd6 16. Qc2 Bb7 17. Re2 Rfe8 0-1